| 000 | 00785nam a2200241Ia 4500 | ||
|---|---|---|---|
| 003 | GCL | ||
| 008 | 140319s9999 xx 000 0 ara d | ||
| 040 |
_aGCL / _cGCL |
||
| 082 | 0 | 4 |
_a808.068 _bس ن |
| 100 | 1 | _aسعد ابوالرضا | |
| 245 | 1 | 0 |
_aالنص الادبى للاطفال : _bاهدافه ومصادره وسماته ( رؤية اسلامية ) / _cسعد ابوالرضا |
| 260 |
_aالقاهرة : _bمنشاة المعارف الاسلامية ، _c1990 |
||
| 300 |
_a173 ص ؛ _c24 سم |
||
| 490 | _a | ||
| 650 | 0 | 4 | _aالادب العربى |
| 650 | 0 | 4 | _aالاسلام |
| 650 | 0 | 4 | _aالكتب |
| 650 | 0 | 4 | _aادب الاطفال |
| 650 | 0 | 4 | _aكتب الاطفال |
| 650 | 0 | 4 | _aالتأليف |
| 650 | 0 | 4 | _aتاريخ ونقد |
| 942 |
_2ddc _cBK |
||
| 999 |
_c32075 _d32075 |
||